000 00550nam a2200193Ia 4500
005 20250326141248.0
008 250326s9999 xx 000 0 und d
020 _a0-335-15656-8
037 _aTextbook
040 _aFMSL
_beng
_cFMSL
041 _aeng
_2eng
084 _aX:97 N3
_qFMSL
100 _aStorey J
_9744037
245 0 _aManaging human resources and industrial relations
_cStorey J; Sission K
260 _aUSA
_bUSA, Open University Press
_c1993
300 _a287p
942 _cTB
_hX:97 N3
999 _c1289485
_d1289485